Catálogo
 En Linea

Historia de la telegrafía y readiotelegrafía en Guatemala. (Registro nro. 37119)

Detalles MARC
000 -CABECERA
campo de control de longitud fija 00273nam a2200097 a 4500
005 - FECHA Y HORA DE LA ÚLTIMA TRANSACCIÓN
campo de control 20200930080458.0
008 - DATOS DE LONGITUD FIJA--INFORMACIÓN GENERAL
campo de control de longitud fija 121010s2011 000 spa d
040 ## - FUENTE DE LA CATALOGACIÓN
Centro catalogador/agencia de origen DO-SdBNP
245 #0 - MENCIÓN DE TÍTULO
Título Historia de la telegrafía y readiotelegrafía en Guatemala.
260 ## - PUBLICACIÓN, DISTRIBUCIÓN, ETC.
Lugar de publicación, distribución, etc. Guatemala,
Fecha de publicación, distribución, etc. 2011.

No hay ítems disponibles.

Con tecnología Koha